| 000 | 01846nam a2200301 4500 | ||
|---|---|---|---|
| 003 | EC-UNACH | ||
| 005 | 20251219135541.0 | ||
| 006 | s||||gr|||| 00| 00 | ||
| 008 | 150116t9999 mx r gr 000 0 spa d | ||
| 020 | _aS/N | ||
| 040 |
_aEC-UNACH _cEC-UNACH |
||
| 041 | _aspa | ||
| 082 | 0 | 4 |
_223 _a300 _bL018532 |
| 110 | _aEl telegrafo | ||
| 245 | _aEcuador en la mira, las revelaciones de wikileaks y la conspiración en el gobierno de Rafael Correa | ||
| 250 | _aS/N | ||
| 264 |
_aEcuador _bEl telégrafo _cS/N |
||
| 300 | _a191 | ||
| 505 | _aCorrea en la mira de EE.UU: los intereses que estaban en juego según la embajada.- Informantes a EE.UU. en 2006"Correa no durará".- La élite reacciona: el inicio del acercamiento entre el sector empresarial y la derecha ecuatoriana con la Embajada de EE.UU. para enfrentar a Correa.- Estrategia de EE.UU. para dominar las fuerzas militares y seguridad del Ecuador.- El gran viraje de CONAIE: WikiLeaks revela cómo las cúpulas sustituyeron las causas políticas por la lucha por cuotas de poder.- WikiLeaks revela de dividir, manipular y desacreditar a UNASUR.- Chantaje para obtener "licencia para matar" en el Ecuador y el mundo.- Documentos WikiLeaks indican posible intento de importar separatismo boliviano al Ecuador.- EE.UU.: Recuperar la hegemonía de América del Sur pasa por derrotar a Chávez. Anatomía de la injerencia contra Venezuela.- EE.UU. en 1976. " La inestabilidad en Ecuador nos favorece" y golpe contra Rodríguez Lara.- La increíble historia de WikiLeaks: Entrevista con Julian Assange. | ||
| 650 | _aCORREA EN LA MIRA DE EE.UU | ||
| 650 | _aINFORMANTES A EE.UU | ||
| 650 | _aESTRATEGÍA DE EE.UU | ||
| 700 | _aEirik Vold | ||
| 942 |
_2ddc _c1 |
||
| 999 | _c14332 | ||